[Event "Rhein Main op-B 21st"]
[Site "Bad Homburg"]
[Date "2018.05.30"]
[Round "1"]
[White "Meyer, Marcel"]
[Black "Schmitz, Bernhard Hubert"]
[Result "1-0"]
[WhiteElo "1775"]
[BlackElo "1391"]
[PlyCount "77"]
[EventDate "2018.05.30"]
[EventType "swiss"]
[EventRounds "7"]
[EventCountry "GER"]
[SourceTitle "EXT 2019"]
[Source "ChessBase"]
[SourceDate "2018.10.10"]
[SourceVersion "1"]
[SourceVersionDate "2018.10.10"]
[SourceQuality "1"]

1. d4 Nf6 2. c4 e6 3. Nc3 d5 4. cxd5 exd5 5. Bg5 Bf5 6. Bxf6 Qxf6 7. Qb3 Qb6 8. Qxb6 axb6 9. Nxd5 Bd6 10. e3 Be6 11. Nc3 c6 12. Nf3 h6 13. Be2 b5 14. 0-0 0-0 15. a3 g6 16. Ne4 Be7 17. Nc5 Bc8 18. b4 b6 19. Ne4 Bf5 20. Ng3 Be6 21. Rfc1 Bd7 22. Ne5 Ra7 23. Nxd7 Rxd7 24. Bf3 Rc7 25. Rc3 Rfc8 26. Rac1 c5 27. bxc5 bxc5 28. dxc5 Rxc5 29. Rxc5 Rxc5 30. Rxc5 Bxc5 31. Be2 b4 32. Ne4 Be7 33. axb4 Bxb4 34. Bb5 Kg7 35. Kf1 g5 36. Ke2 f6 37. Kd3 Ba3 38. Kc4 Bb2 39. Kc5 1-0

[Event "Wiesbaden op 29th"]
[Site "Wiesbaden"]
[Date "2017.08.26"]
[Round "4"]
[White "Jahraus, Marlis"]
[Black "Schmitz, Bernhard Hubert"]
[Result "1-0"]
[WhiteElo "1563"]
[BlackElo "1394"]
[PlyCount "57"]
[EventDate "2017.08.24"]
[EventType "swiss"]
[EventRounds "7"]
[EventCountry "GER"]
[SourceTitle "CBM 180 Extra"]
[Source "ChessBase"]
[SourceDate "2017.10.06"]
[SourceVersion "1"]
[SourceVersionDate "2017.10.06"]
[SourceQuality "1"]

1. f4 d5 2. g3 g6 3. Nf3 Bg7 4. Bg2 c5 5. 0-0 Nc6 6. d3 e6 7. e4 dxe4 8. dxe4 Qxd1 9. Rxd1 Nge7 10. e5 0-0 11. Nc3 Rb8 12. Nb5 b6 13. Nd6 Rd8 14. Be3 Ba6 15. Ng5 Rf8 16. c3 Nd8 17. Bf2 f5 18. b4 h6 19. Nf3 cxb4 20. cxb4 Bb7 21. Nxb7 Rxb7 22. Nd4 Rd7 23. Nb5 Rxd1+ 24. Rxd1 Nec6 25. Rd6 Nxb4 26. a3 Nd5 27. Nxa7 Nf7 28. Rxe6 Nc7 29. Rxg6 1-0

[Event "Wiesbaden op 29th"]
[Site "Wiesbaden"]
[Date "2017.08.26"]
[Round "5"]
[White "Schmitz, Bernhard Hubert"]
[Black "Hedrich, Gerd Ernst"]
[Result "1-0"]
[WhiteElo "1394"]
[BlackElo "1547"]
[PlyCount "73"]
[EventDate "2017.08.24"]
[EventType "swiss"]
[EventRounds "7"]
[EventCountry "GER"]
[SourceTitle "CBM 180 Extra"]
[Source "ChessBase"]
[SourceDate "2017.10.06"]
[SourceVersion "1"]
[SourceVersionDate "2017.10.06"]
[SourceQuality "1"]

1. d4 Nf6 2. c4 b6 3. Nc3 Bb7 4. f3 e6 5. e4 h6 6. e5 Nh7 7. Be3 Bb4 8. Nge2 0-0 9. a3 Bxc3+ 10. Nxc3 d6 11. Qc2 Nd7 12. Bd3 g6 13. 0-0-0 Kg7 14. Qd2 Rh8 15. exd6 cxd6 16. Bxh6+ Kg8 17. Be3 Qc7 18. Kb1 e5 19. Nb5 Qb8 20. d5 a6 21. Nc3 Qe8 22. f4 f5 23. g4 e4 24. Bc2 Nhf6 25. gxf5 gxf5 26. Rdg1+ Kf8 27. Qg2 Qf7 28. Bd1 Rg8 29. Qf1 Ke7 30. Qh3 Qh7 31. Qxh7+ Nxh7 32. Bh5 Nhf6 33. Bg6 Ng4 34. Bxf5 Nxe3 35. Bxe4 Nxc4 36. Bd3 Bxd5 37. Nxd5+ 1-0

[Event "Wiesbaden op 29th"]
[Site "Wiesbaden"]
[Date "2017.08.24"]
[Round "1"]
[White "Schmitz, Bernhard Hubert"]
[Black "Rowland, Anthony"]
[Result "0-1"]
[WhiteElo "1394"]
[BlackElo "1904"]
[PlyCount "62"]
[EventDate "2017.08.24"]
[EventType "swiss"]
[EventRounds "7"]
[EventCountry "GER"]
[SourceTitle "CBM 180 Extra"]
[Source "ChessBase"]
[SourceDate "2017.10.06"]
[SourceVersion "1"]
[SourceVersionDate "2017.10.06"]
[SourceQuality "1"]

1. d4 Nf6 2. c4 e5 3. d5 Bc5 4. Nc3 a5 5. h3 h6 6. e3 d6 7. Bd3 Qe7 8. Qc2 Bb4 9. e4 Na6 10. a3 Bxc3+ 11. bxc3 Nc5 12. Ne2 Bd7 13. f3 Ba4 14. Qb1 0-0 15. Be3 Nxd3+ 16. Qxd3 Nd7 17. Nc1 b6 18. Rb1 Nc5 19. Qe2 f5 20. exf5 Rxf5 21. 0-0 Raf8 22. Qe1 Bc2 23. Ra1 e4 24. Qd2 Bb3 25. Qe2 exf3 26. gxf3 Bxc4 27. Qxc4 Qxe3+ 28. Kh1 Rxf3 29. Rxf3 Rxf3 30. Qe2 Rxh3+ 31. Kg2 Qg3+ 0-1